Statystyki dla Państwa, które udzielają najwięcej pomocy zagranicznej

Kliknij tutaj aby rozwiązać quiz!

Ogólne statystyki

  • Ten quiz został rozwiązany 19 121 razy
  • Średni wynik to 15 z 21

Statystyki odpowiedzi

$% PNBKraj% Poprawnych
31,1 mldStany Zjednoczone
99%
17,8 mld0,52%Niemcy
94%
9,23 mld0,37%Francja
92%
4,29 mld0,28%Kanada
90%
4,28 mld1,05%Norwegia
87%
18,7 mld0,71%Wielka Brytania
86%
7,09 mld1,40%Szwecja
84%
3,84 mldWłochy
83%
9,32 mldJaponia
81%
0,56%Finlandia
76%
3,22 mldAustralia
71%
3,54 mld0,52%Szwajcaria
69%
2,57 mld0,85%Dania
66%
5,81 mld0,76%Holandia
66%
0,42%Belgia
65%
0,32%Austria
60%
1,91 mldKorea Południowa
58%
3,91 mld0,54%Turcja
58%
0,36%Irlandia
54%
0,93%Luksemburg
45%
4,39 mld1,09%Zjednoczone Emiraty Arabskie
32%

Rozkład punktacji

Percentyl według liczby udzielonych odpowiedzi

Procent ludzi z każdym wynikiem

Twoja historia wyników

Nie rozwiązałeś tego quizu